000 00676nam a2200277Ia 4500
005 20260324143527.0
008 008 260324s9999 xx 000 0 eng d
020 _a9780203772089
037 _aEBOOK
040 _aCRL
040 _beng
040 _cCRL
041 _2eng
041 _aeng
084 _qCRL
100 _aWilliam Ramsey; David E. Rumelhart; Stephen P. Stich
_91215954
245 0 _aPhilosophy and Connectionist Theory
260 _bTaylor and Francis
260 _c1991
365 _a
365 _b230
856 _uhttp://www.taylorfrancis.com/books/9780203772089
942 _cEBOOK
999 _c1821473
_d1821473